00539nam a2200193 a 4500001001300000003000900013005001700022008004100039020001000080082001800090100001800108245003000126260006000156300000900216500003500225505002700260650004000287700001800327nice12345678IN_TiNIC20260116011836.0050524s0000 newa grp 000 0 eng  ac10000a291.172bSAM6 aSamartha, S J aChristian-Muslim Dialogue aNew DelhibQaumi Council Barai Taraqi-E-Urdu Langc0000 a163p aincludes index and biblioraphy2 aAppendix, Bibliography aReconciliation-Interfaith Musl Chri1 aSamartha, S J